000 01035nam a2200229Ia 4500
001 15610
003 GE_BSU
008 181216s||||||||xx |||||||||||||| ||und||
040 _cGE_BSU
080 _a821.161.1-32
100 _aგონჩაროვი, ი.
245 _aფრეგატი "პალადა
245 _bდოკ. მოთხრობა დედამიწის გარშემო მოგზაურობის შესახებ
245 _cთარგმნა ა. გაბესკირიამ. რედ. გ. ბედინეიშვილი. მხატვ. ზ. ფორჩხიძე
260 _aთბილისი
260 _bსაბჭ. საქართველო
260 _c1972
300 _a765გვ. ; 22სმ
653 _aდოკ. მოთხრობა დედამიწის გარშემო მოგზაურობის შესახებ
653 _aფრეგატი "პალადა
942 _cBK
999 _c48710
_d48710